Predslov

Enregistré dans:
Détails bibliographiques
Auteur principal: Pakšiová, Renáta, 1974-
Format: Chapitre de livre
Langue:slovaque
Tags: Ajouter un tag
Pas de tags, Soyez le premier à ajouter un tag!

MARC

LEADER 00000nla a2200000 4500
001 0240820
005 20240502073923.8
041 0 |a slo 
044 |a SK 
245 1 0 |a Predslov  |c Renáta Pakšiová 
100 1 |a Pakšiová, Renáta, 1974-